The New Testament: (Record no. 8868)
[ view plain ]
| 000 -LEADER | |
|---|---|
| fixed length control field | 00451nam a22001457a 4500 |
| 005 - DATE AND TIME OF LATEST TRANSACTION | |
| control field | 20260304123454.0 |
| 008 - FIXED-LENGTH DATA ELEMENTS--GENERAL INFORMATION | |
| fixed length control field | 260304b |||||||| |||| 00| 0 eng d |
| 020 ## - INTERNATIONAL STANDARD BOOK NUMBER | |
| International Standard Book Number | 9780851514499 |
| 050 ## - LIBRARY OF CONGRESS CALL NUMBER | |
| Classification number | BS2330.2 MAC |
| 245 ## - TITLE STATEMENT | |
| Title | The New Testament: |
| Remainder of title | an introduction to its literature and history |
| Statement of responsibility, etc. | edited by W. John Cook |
| 260 ## - PUBLICATION, DISTRIBUTION, ETC. | |
| Place of publication, distribution, etc. | Edinburgh |
| Name of publisher, distributor, etc. | The Banner of Truth Trust |
| Date of publication, distribution, etc. | 1997 |
| 300 ## - PHYSICAL DESCRIPTION | |
| Extent | 387p. |
| Other physical details | map |
| Dimensions | 21.5cm |
| 700 ## - ADDED ENTRY--PERSONAL NAME | |
| Personal name | Cook, W. John |
| 942 ## - ADDED ENTRY ELEMENTS (KOHA) | |
| Source of classification or shelving scheme | Library of Congress Classification |
| Koha item type | Books |
| Suppress in OPAC | No |
| 999 ## - | |
| -- | 8868 |
| -- | 8868 |
| Withdrawn status | Lost status | Source of classification or shelving scheme | Damaged status | Not for loan | Collection | Home library | Current library | Shelving location | Date acquired | Total checkouts | Full call number | Barcode | Date last seen | Copy number | Price effective from | Koha item type |
|---|---|---|---|---|---|---|---|---|---|---|---|---|---|---|---|---|
| Library of Congress Classification | Non-fiction | Business Library (Miotso) | Business Library (Miotso) | General stacks | 03/04/2026 | BS2330.2 MAC | BSSM00002408 | 03/04/2026 | 1 | 03/04/2026 | Books |